000 00329 a2200145 4500
001 153591
040 _cEscola São Tomás de Aquino
100 _aAGUIAR, Luiz Antonio
240 1 0 _aNovelas do tempo
_lpor
245 1 0 _aNovelas do tempo
362 0 _a1998
440 1 _aEdiouro
697 _a*LITERATURA JUVENIL
942 _cBK
999 _c153591
_d153591